[Event "EU-ch U14"]
[Site "Budva"]
[Date "2003.09.20"]
[Round "7"]
[White "Carlsen, Magnus"]
[Black "Zhigalko, Sergei"]
[Result "1-0"]
[WhiteElo "2385"]
[BlackElo "2399"]
[PlyCount "121"]
[EventDate "2003.09.13"]
[EventType "swiss"]
[EventRounds "9"]
[EventCountry "YUG"]
[SourceTitle "CBM 096 Extra"]
[Source "ChessBase"]
[SourceDate "2003.10.22"]
[SourceVersion "2"]
[SourceVersionDate "2003.10.20"]
[SourceQuality "1"]

1. e4 {Rogozenco,Dorian Rogozenco,Dorian} c5 2. Nf3 Nc6 3. d4 cxd4 4. Nxd4 Nf6 5. Nc3 e5 6. Ndb5 d6 7. Bg5 a6 8. Na3 b5 9. Bxf6 gxf6 10. Nd5 f5 11. Bd3 Be6 12. O-O Bxd5 13. exd5 Ne7 14. c3 Bg7 15. Qh5 e4 16. Bc2 Qc8 17. Rae1 O-O 18. Bb3 Kh8 $146 ({RR} 18... Ng6 19. f4 exf3 20. Rxf3 Re8 21. Ref1 f4 22. Rh3 h6 23. Nc2 Qc5+ 24. Kh1 a5 25. a3 Re4 26. Nd4 Bxd4 27. cxd4 Qxd4 28. Bc2 Re5 29. Qxh6 Qf2 30. Bd3 Re1 31. Qh7+ Kf8 32. Qh6+ Kg8 33. Qh7+ {Van Blitterswijk,S (2320)-De Vreugt,D (2265) Amsterdam 1996 ½-½ (33)}) ({RR} 18... a5 19. Qg5 ({RR} 19. Qg5 Qd7 ({RR} 19... Qb7) 20. f3 Ng6 21. fxe4 f4 22. Nb1 b4 23. cxb4 axb4 24. Nd2 Bxb2 25. Nc4 Bc3 26. Re2 Rac8) 19... Qb7 ({RR} 19... Ng6 20. Nxb5 a4 21. Bd1 Qc5 22. c4) 20. f3 ({RR} 20. Nxb5 Qxb5 21. Qxe7 a4 22. c4 ({RR} 22. Bd1 Qxd5) ({RR} 22. Bc2 Qxb2) 22... Qe8 23. Qxe8 Rfxe8 24. Bc2 Bxb2) 20... h6 21. Qg3 ({RR} 21. Qh5 a4 22. Bc2 b4 23. Nc4 bxc3 ({RR} 23... Qxd5 24. Ne3 Qe5 25. fxe4) 24. fxe4 ({RR} 24. bxc3 Bxc3 25. fxe4 Bxe1 26. exf5 ({RR} 26. Rxe1 Qb4) 26... Qa7+ 27. Kh1 Qd4 28. Qxh6 Qh4) 24... fxe4 25. bxc3 ({RR} 25. Rxe4 cxb2 26. Rg4 Qxd5 27. Qxh6 Ng6) 25... f5 26. Ne3 Qb2 27. Re2 ({RR} 27. Qh4 Rf7) 27... Qxc3 28. Nxf5 Nxf5 29. Rxf5 Rxf5 30. Qxf5 Bd4+ 31. Kh1 Qa1+) 21... a4 ({RR} 21... Nxd5 22. fxe4 fxe4 23. Rf5 ({RR} 23. Rd1 Ne7 24. Rxd6 a4 25. Bc2 b4 26. Nc4 bxc3 27. bxc3 Rac8 28. Ne5 f5)) 22. Bc2 b4 ({RR} 22... Ng6 23. fxe4 f4) 23. Nc4 ({RR} 23. cxb4 Qxb4 ({RR} 23... Nxd5 24. fxe4 f4 25. Qh4 Nxb4 26. Bb1 Nc6) 24. fxe4 f4 25. Rxf4 Ng6 26. Rff1 Bxb2) ({RR} 23. fxe4 f4 24. Rxf4 bxa3) 23... Qxd5 24. fxe4 ({RR} 24. Nxd6 Rfd8 ({RR} 24... bxc3 25. fxe4 ({RR} 25. bxc3 Rfd8 26. Rd1 Qc5+ 27. Kh1 Qxc3) 25... Qc5+ ({RR} 25... Qd4+ 26. Kh1 f4 27. Qxf4 Ng6 28. bxc3 Qc5) 26. Kh1 f4 27. Qd3 ({RR} 27. Qxf4 Ng6 28. Qg3 Be5) 27... Be5 28. Nf5 ({RR} 28. Nc4 cxb2 29. g3 f3)) ({RR} 24... Qxa2 25. fxe4 Qxb2 26. exf5 Qxc2 27. f6) 25. Rd1 Qxa2 26. fxe4 Qxb2 27. exf5 Qxc3 ({RR} 27... Qxc2 28. f6 Ng6 29. fxg7 Qxc3 30. Qf2 Qxg7 31. Nf5) 28. f6 Qxg3 29. hxg3 Nc8 30. Be4 Ra6 31. Nxc8 Bxf6 32. Rxd8+ Bxd8) ({RR} 24. Ne3 Qxa2 25. fxe4 f4) 24... Qxc4 25. exf5 Nd5 ({RR} 25... Nxf5 26. Rxf5 Qxa2 27. Qd3 ({RR} 27. Rf4 Qxb2 28. Qd3 f5) 27... Rfe8 28. Ref1) 26. f6 Nxf6 27. Rxf6 Rae8 ({RR} 27... Qc5+ 28. Kh1 Qg5 29. Qd3 Rfe8 30. Rff1 ({RR} 30. Rxe8+ Rxe8 31. Rf1 bxc3 32. bxc3) 30... Rxe1 31. Rxe1 bxc3 32. bxc3) 28. Ref1 Re2 ({RR} 28... bxc3 29. Rxh6 ({RR} 29. bxc3 Qc5+ 30. Kh1 Re3 ({RR} 30... Qg5 31. Qd3) 31. R6f3 ({RR} 31. Qf4 Qe5 ({RR} 31... Bxf6 32. Qxh6)) 31... Qc4 ({RR} 31... Rxc3 32. Bxa4 Qc4)) 29... Qc5+ 30. Kh1 Qe3 31. Bh7+ ({RR} 31. Qxe3 Rxe3 32. Rxd6 cxb2 33. Bxa4 Rc8 34. Rdd1 Rec3) 31... Kh8) 29. Bd3 Qc5+ 30. Kh1 Re3 31. R6f3 Rxf3 32. Qxf3 bxc3 33. bxc3 {Shirov,A (2723)-Kramnik,V (2807) Wijk aan Zee 2003 CBM 093 [Rogozenco,Dorian] 1-0 (44)} {RR} Qxc3 ({RR} 33... Bxc3 34. Qe4 f5 35. Qxa4) 34. Qf5) ({RR} 18... Ng6 19. Nc2 Re8 20. f4 exf3 21. Qxf3 f4 22. Rxe8+ Qxe8 23. Re1 Qd7 24. Qe4 a5 25. a3 Qa7+ 26. Kh1 Qf2 27. Qe2 Qb6 28. Ba2 Qc5 29. Bb1 Rb8 30. Qe4 Qf2 31. Qe2 Qc5 32. Qd3 Qf2 33. Rf1 {Della Morte,G (2404)-Aranha Filho,A (2293) Florianopolis 2016 ½-½ (46)}) ({RR} 18... a5 19. Nxb5 a4 20. Bd1 ({RR} 20. Bc2 Qc5) 20... Qc5 21. Nd4 ({RR} 21. Be2 Nxd5 ({RR} 21... f4) 22. Qg5 ({RR} 22. Qxf5 Nxc3 23. Qxc5 Nxe2+ 24. Rxe2 dxc5 25. Rxe4) 22... Rab8 23. Nd4 h6 24. Qxf5 Rxb2) 21... Qxd5 22. Re3 ({RR} 22. Qg5 Qe5 23. f4 ({RR} 23. f3 f4 24. Qh4 f5 25. g4 Ng6 26. Qh3 fxg4 27. Qxg4 e3) 23... Qf6 24. g4 d5 25. a3 Rfb8 26. Re2) 22... Qe5 ({RR} 22... Rfb8 23. Rh3 ({RR} 23. b3 f4) 23... h6 ({RR} 23... Rxb2 24. Qxh7+ Kf8) 24. b3 a3) ({RR} 22... f4 23. Rxe4 ({RR} 23. Qxd5 Nxd5 24. Rxe4 Rfb8) 23... Qxe4 24. Bc2) 23. Rh3 ({RR} 23. Rg3 Qf6 24. f3) 23... h6 24. f4 Qf6 25. Kh1 ({RR} 25. g4 Qg6 ({RR} 25... fxg4) 26. Qxg6 fxg6 27. Ne6 Rfb8) 25... Kh7 26. g4 Qg6 27. Nxf5 Nxf5 28. Qxf5 Qxf5 29. gxf5 Bf6 30. b3 ({RR} 30. Re1 d5 31. c4 dxc4 ({RR} 31... Rfd8) 32. Rxe4 Rfc8) 30... d5 31. bxa4 Rfc8 32. Bb3 Ra5 33. Rd1 {Carlsen,M (2385)-McShane,L (2619) Rethymno 2003 CBM 098 [Rogozenco,Dorian] ½-½ (41)} {RR} Bxc3 34. Rxd5) ({RR} 18... Ng6 19. Nc2 Re8 20. f4) ({RR} 18... a5 19. Nxb5 a4 20. Bd1 Qc5 21. Nd4 Qxd5 22. Qg5 Qe5 23. f4 Qf6 24. g4 d5 25. a3 Rfb8 26. Re2 Qxg5 27. fxg5 fxg4 28. Ref2 Bxd4 29. cxd4 Nc6 30. Bxg4 Ra7 31. Bh5 Nxd4 32. Bxf7+ Rxf7 33. Rxf7 {Nunn,J (2620)-McShane,L (2455) Hastings 1998 ½-½ (37)}) 19. Kh1 Ng6 20. Nc2 Nf4 21. Qh4 Be5 22. Ne3 Rg8 23. Bc2 b4 24. g3 Nd3 25. Bxd3 exd3 26. Qxb4 Rb8 27. Qc4 f4 28. Qxc8 Rgxc8 29. Nd1 Rc5 30. gxf4 Bxf4 31. Re4 Be5 32. f4 Bg7 33. Rfe1 Bf6 34. c4 Kg7 35. b3 Ra5 36. Rg1+ Kf8 37. Rg2 Ra3 38. Re3 Re8 39. Rd2 Rxe3 40. Nxe3 Bd4 41. Nf5 Bc5 42. Rxd3 Rxa2 43. Rh3 Kg8 44. Rh6 Ra1+ 45. Kg2 Ra2+ 46. Kf3 Ra3 47. Nxd6 Rxb3+ 48. Ke4 Rb6 49. Nf5 Rxh6 50. Nxh6+ Kf8 51. Nf5 a5 52. d6 a4 53. Kd5 Bb4 54. c5 Ke8 55. c6 Ba5 56. Kc4 Kd8 57. Ne7 h5 58. f5 h4 59. h3 f6 60. Nd5 a3 61. Kb3 1-0

[Event "EU-ch U14"]
[Site "Budva"]
[Date "2003.09.22"]
[Round "9"]
[White "Sanikidze, Tornike"]
[Black "Carlsen, Magnus"]
[Result "1-0"]
[WhiteElo "2250"]
[BlackElo "2385"]
[PlyCount "135"]
[EventDate "2003.09.13"]
[EventType "swiss"]
[EventRounds "9"]
[EventCountry "YUG"]
[SourceTitle "EXT 2023"]
[Source "ChessBase"]
[SourceDate "2022.10.05"]
[SourceVersion "1"]
[SourceVersionDate "2022.10.05"]
[SourceQuality "1"]

1. e4 c5 2. Nf3 Nc6 3. d4 cxd4 4. Nxd4 Nf6 5. Nc3 e5 6. Ndb5 d6 7. Bg5 a6 8. Na3 b5 9. Bxf6 gxf6 10. Nd5 f5 11. c3 ({RR} 11. exf5 Bxf5 12. c3 {½-½ (24) Wang,P (2360)-Lalic,B (2545) Linares 1998}) 11... Bg7 12. exf5 Bxf5 13. Nc2 O-O 14. Nce3 Be6 15. Bd3 f5 16. Bc2 f4 17. Qh5 Rf7 18. Bxh7+ Kf8 19. Bf5 Qe8 20. Bxe6 Qxe6 21. Qg4 Qh6 22. Nf5 Qe6 23. Nfe3 Qh6 24. Nc2 $146 ({RR} 24. O-O e4 25. Nf5 Qe6 26. Nfe3 Qh6 27. Nf5 Qe6 28. Nfe3 Qh6 {½-½ (28) Radulski,J (2560)-Spasov,V (2598) Sunny Beach 2009}) 24... e4 25. Qe2 ({RR} 25. Qh3 Qxh3 26. gxh3 Ne5 27. O-O Nd3 28. a4 Rb8 29. Ncb4 bxa4 30. Rxa4 Nxb2 31. Rxa6 Nc4 32. Rfa1 Be5 33. Nc6 Rb5 34. R6a4 Nd2 35. Ra8+ Kg7 36. Nce7 Kh7 37. Kh1 Rg7 38. h4 e3 39. fxe3 Ne4 {Ivanchuk,V (2746)-Carlsen,M (2770) Leon 2009 ½-½ (100)}) 25... Re8 26. Qd2 Ne5 27. O-O-O Nc4 28. Qe1 b4 29. Ncxb4 f3+ 30. Ne3 Rb8 31. Rd2 Nxd2 32. Qxd2 Rfb7 33. Qd5 a5 34. Qxa5 Rb5 35. Qa6 Rxb4 36. cxb4 Qf6 37. Qa3 fxg2 38. Nxg2 Qxf2 39. Ne1 e3 40. Nc2 Rc8 41. Qd3 Kg8 42. Kb1 e2 43. Qd5+ Kh7 44. Qd3+ Kg8 45. Ne1 Bh6 46. Qg6+ Kf8 47. Qxh6+ Ke7 48. Qg5+ Ke8 49. Qg8+ Kd7 50. Qg4+ Kc7 51. Qc4+ Kb7 52. Qd5+ Ka7 53. Qf3 Rf8 54. Qd5 Qf5+ 55. Qxf5 Rxf5 56. Rg1 Rf1 57. Rg7+ Kb6 58. Kc2 Rxe1 59. Re7 Ra1 60. Rxe2 Rxa2 61. h4 Ra7 62. h5 Kb5 63. h6 Rh7 64. Rh2 Kxb4 65. Kd3 Kc5 66. Ke4 d5+ 67. Kf5 d4 68. Kg6 1-0

[Event "EU-Cup 19th"]
[Site "Rethymno"]
[Date "2003.09.28"]
[Round "1.1"]
[White "Sutovsky, Emil"]
[Black "Carlsen, Magnus"]
[Result "1-0"]
[WhiteElo "2639"]
[BlackElo "2385"]
[PlyCount "77"]
[EventDate "2003.09.28"]
[EventType "team-swiss"]
[EventRounds "7"]
[EventCountry "GRE"]
[SourceTitle "CBM 098"]
[Source "ChessBase"]
[SourceDate "2004.02.03"]
[SourceVersion "1"]
[SourceVersionDate "2004.02.03"]
[SourceQuality "1"]
[WhiteTeam "Lipovec"]
[BlackTeam "Asker"]
[WhiteTeamCountry "SVK"]
[BlackTeamCountry "NOR"]

1. e4 Nf6 2. e5 Nd5 3. d4 d6 4. Nf3 dxe5 5. Nxe5 c6 6. Bd3 Nd7 7. O-O Nxe5 8. dxe5 Nb4 9. Be4 Qxd1 10. Rxd1 f5 ({RR} 10... g6 11. Na3 Bg7 12. c3 Na6 13. Nc4 O-O 14. Be3 Nc7 15. a4 Nd5 16. Bd4 b6 17. a5 b5 18. Ne3 Be6 19. a6 Rfc8 20. Nxd5 Bxd5 21. Bxd5 cxd5 22. Ra3 Rc7 23. Rb3 Rb8 24. Ra1 e6 25. Ra5 {Carlsen,M (2852)-Bortnyk,O (2605) chess.com INT 2023 1-0 (38)}) 11. a3 Na6 12. Bf3 g6 13. Nd2 $146 ({RR} 13. b4 Nc7 14. Bb2 Be6 15. Nc3 Bg7 16. b5 Nxb5 17. Nxb5 cxb5 18. Bxb7 Rb8 19. Bc6+ Kf7 20. Bd4 a6 21. c3 Rhd8 22. f4 Bh6 23. g3 g5 24. fxg5 Bxg5 25. Rf1 Kg6 26. Bf3 h5 27. Kg2 Rbc8 {Gonzalez de la Torre,S (2357)-Mirzoev,A (2543) Elgoibar 2006 0-1 (64)}) 13... Be6 14. Be2 Nc7 15. Nf3 Bd5 16. Nd4 Bg7 17. c4 Bf7 18. f4 Ne6 19. Nf3 Rd8 20. Be3 O-O 21. b4 a6 22. g3 Rxd1+ 23. Rxd1 Rd8 24. Rxd8+ Nxd8 25. Nd4 Be8 26. Nb3 Bd7 27. Nc5 Bc8 28. b5 axb5 29. cxb5 cxb5 30. Bxb5 Bf8 31. Kf2 Kg7 32. Nd7 Kf7 33. a4 Bxd7 34. Bxd7 e6 35. Bb6 Be7 36. a5 g5 37. Ke2 h5 38. Bc8 h4 39. Bxb7 1-0

[Event "EU-Cup 19th"]
[Site "Rethymno"]
[Date "2003.09.29"]
[Round "2.1"]
[White "Carlsen, Magnus"]
[Black "Kiik, Kalle"]
[Result "1-0"]
[WhiteElo "2385"]
[BlackElo "2439"]
[PlyCount "53"]
[EventDate "2003.09.28"]
[EventType "team-swiss"]
[EventRounds "7"]
[EventCountry "GRE"]
[SourceTitle "CBM 098"]
[Source "ChessBase"]
[SourceDate "2004.02.03"]
[SourceVersion "1"]
[SourceVersionDate "2004.02.03"]
[SourceQuality "1"]
[WhiteTeam "Asker"]
[BlackTeam "Joensuu"]
[WhiteTeamCountry "NOR"]
[BlackTeamCountry "FIN"]

1. e4 Nc6 2. Nf3 d6 3. d4 Nf6 4. Nc3 Bg4 5. d5 Bxf3 ({RR} 5... Ne5 6. Be2 Bxf3 7. Bxf3 Nxf3+ 8. Qxf3 g6 9. O-O Bg7 10. Be3 O-O 11. Bd4 c5 12. dxc6 bxc6 13. e5 Nd7 14. Qxc6 Nxe5 15. Qe4 Rb8 16. f4 Rb4 17. Ne2 d5 18. Qe3 Ng4 19. Qc3 Bxd4+ 20. Nxd4 {Albornoz Cabrera,C (2603)-Yoo,C (2583) chess.com INT 2024 0-1 (34)}) 6. Qxf3 ({RR} 6. gxf3 Ne5 7. f4 Ned7 8. Be3 c5 9. Be2 g6 10. h4 Bg7 11. h5 gxh5 12. Bxh5 Nxh5 13. Qxh5 Bxc3+ 14. bxc3 Qa5 15. Bd2 Qa4 16. Qf5 O-O-O 17. Rg1 Rhg8 18. Rxg8 Rxg8 19. O-O-O Qxa2 20. Be3 Rg7 {Kenneskog,T (2338)-Olcum,A (2221) Rhodes GRE 2025 0-1 (84)}) 6... Ne5 7. Qg3 c6 $146 ({RR} 7... g6 8. f4 Ned7 9. Be2 Bg7 10. Be3 c6 11. dxc6 bxc6 12. O-O Qb8 13. Rab1 O-O 14. Kh1 Qb4 15. a3 Qa5 16. Bf3 Rab8 17. Qe1 Qc7 18. Qd2 Rfd8 19. Ne2 e5 20. g3 d5 21. exd5 cxd5 22. fxe5 {Jukic,J-Mestrovic,Z (2470) Pula 1996 0-1 (34)}) ({RR} 7... g6 8. f4 Ned7 9. Be2 c6 10. dxc6 bxc6 11. O-O Qc7 12. Rb1 Bg7 13. Bd2 O-O 14. f5 Nc5 15. Bf3 Rab8 16. h4 Qb6 17. Kh1 Qb4 18. Qe1 Qb7 19. h5 gxh5 20. Qh4 Ncd7 21. Ne2 d5 22. Ng3 {Liscinska,J (1712)-Toshali,V (1766) Khanty-Mansiysk 2016 0-1 (55)}) 8. f4 Ned7 9. dxc6 bxc6 10. e5 Nd5 11. exd6 exd6 12. Nxd5 cxd5 13. Bd2 Be7 14. Qxg7 Bf6 15. Qh6 Bxb2 16. Rb1 Qf6 17. Qxf6 Bxf6 18. Bb5 Bd4 19. Kd1 O-O-O 20. Re1 Bb6 21. Re7 f6 22. a4 Nc5 23. a5 Bc7 24. Bc6 Rdg8 25. Bxd5 Re8 26. Rf7 h5 27. a6 1-0

[Event "EU-Cup 19th"]
[Site "Rethymno"]
[Date "2003.09.30"]
[Round "3.1"]
[White "Carlsen, Magnus"]
[Black "McShane, Luke J"]
[Result "1/2-1/2"]
[WhiteElo "2385"]
[BlackElo "2619"]
[Annotator "Rogozenco,Dorian"]
[PlyCount "82"]
[EventDate "2003.09.28"]
[EventType "team-swiss"]
[EventRounds "7"]
[EventCountry "GRE"]
[SourceTitle "CBM 098"]
[Source "ChessBase"]
[SourceDate "2004.02.03"]
[SourceVersion "1"]
[SourceVersionDate "2004.02.03"]
[SourceQuality "1"]
[WhiteTeam "Asker"]
[BlackTeam "Werder Bremen"]
[WhiteTeamCountry "NOR"]
[BlackTeamCountry "GER"]

1. e4 c5 2. Nf3 Nc6 3. Nc3 Nf6 4. d4 cxd4 5. Nxd4 e5 6. Ndb5 d6 7. Bg5 a6 8. Na3 b5 9. Bxf6 gxf6 10. Nd5 f5 11. Bd3 Be6 12. O-O Bxd5 13. exd5 Ne7 14. c3 Bg7 15. Qh5 e4 16. Bc2 Qc8 17. Rae1 O-O 18. Bb3 {This move was long time underestimated, and in some theoretical sources considered even dubious, based on the game Nunn-McShane, 1998. In reality 18.Bb3 is a natural move and it leads to a very solid line, requiring accuracy from Black. Nevertheless it has certain drawish tendencies, which constitutes its main drawback.} a5 {A temporary pawn sacrifice, introduced by McShane in the above-mentioned game.} (18... Ng6 19. Nc2 Re8 20. f4 $14) 19. Nxb5 (19. Qg5 Qd7 ({Also} 19... Qb7 {is enough for Black to keep the balance.}) 20. f3 Ng6 21. fxe4 f4 $44 22. Nb1 b4 23. cxb4 axb4 24. Nd2 Bxb2 25. Nc4 Bc3 26. Re2 Rac8 {was good for Black in another game of McShane: Lindberg,B-McShane,L/Malmo 2003.}) 19... a4 20. Bd1 ({After} 20. Bc2 Qc5 {White cannot play 21.Nd4 anymore, because of 21...Bxd4 22.cxd4 Qxc2. Also to protect the knight by the bishop is not possible, so the only move remaining is 21.Na3, which gives Black excellent play (with either 21...Qxd5 or 21...Rfb8 first).}) 20... Qc5 21. Nd4 {The strongest continuation.} (21. Be2 {is artificial - too many moves by the bishop (Bf1-d3-c2-b3-d1-e2), only to end up on inconvenient square e2.} Nxd5 (21... f4 $5) 22. Qg5 (22. Qxf5 Nxc3 23. Qxc5 Nxe2+ 24. Rxe2 dxc5 25. Rxe4 $11) 22... Rab8 23. Nd4 h6 {and Black has a good play, since} 24. Qxf5 Rxb2 {points out the clumsy position of White's pieces (rooks and bishop).}) ({RR} 21. Be2 Nxd5 22. Qg5 Rab8 23. c4 Nc7 24. Nxc7 Qxc7 25. Qxf5 Rfe8 26. b3 axb3 27. axb3 Rxb3 28. Bd1 Rc3 29. Rxe4 Rxe4 30. Qxe4 Qxc4 31. Qxc4 {½-½ (31) Pelletier,Y (2597)-McShane,L (2643) Biel 2004}) 21... Qxd5 22. Re3 (22. Qg5 Qe5 23. f4 (23. f3 f4 24. Qh4 f5 25. g4 Ng6 26. Qh3 fxg4 27. Qxg4 e3 $13 {1-0 Van den Doel,E-Bade,J/Germany 2002 (56)}) 23... Qf6 24. g4 d5 25. a3 Rfb8 26. Re2 {was absolutely equal in Nunn,J-McShane,L/Hastings 1998, which soon ended in a draw.}) 22... Qe5 (22... Rfb8 23. Rh3 (23. b3 f4 $5) 23... h6 (23... Rxb2 $5 24. Qxh7+ Kf8) 24. b3 a3 $13 {1-0 Vallejo Pons,F-Van Wely,L/Bled 2002 (49)}) (22... f4 $2 23. Rxe4 $1 ({Even better than} 23. Qxd5 Nxd5 24. Rxe4 Rfb8) 23... Qxe4 24. Bc2 $18) 23. Rh3 $146 (23. Rg3 Qf6 $6 24. f3 $14 {1-0 Spoelman,W-Ris,R/Enschede 2003 (69)}) ({RR} 23. Rg3 Qf6 24. f3 f4 25. Rh3 Qg6 26. Qh4 Nd5 27. fxe4 Ne3 28. Rf2 Qxe4 29. Nf5 Qxf5 30. Rxe3 Qb1 31. Re1 Rae8 32. Ref1 Qxa2 33. Bc2 f5 34. Rxf4 Qxb2 35. Bxf5 Rxf5 36. Rxf5 a3 37. Qc4+ Kh8 {Spoelman,W (2183)-Ris,R (2183) Enschede 2003 1-0 (69)}) 23... h6 24. f4 Qf6 {The position has the drawish tendencies I was talking before. Soon White will attack and destroy opponent's pawn chain with the help on g2-g4. That would lead to some exchange of pawns. On the queenside Black has open files for counterplay. Most likely there will be more exchanges (either White plays b2-b3, or Black pushes a4-a3). However, as long as queens are on the board, there are plenty of fighting resources. Unfortunately the queens will disappear soon from the board.} 25. Kh1 (25. g4 Qg6 (25... fxg4 $5 { 26...g6=}) 26. Qxg6 $140 fxg6 27. Ne6 Rfb8) 25... Kh7 26. g4 Qg6 $11 27. Nxf5 Nxf5 28. Qxf5 Qxf5 29. gxf5 Bf6 30. b3 (30. Re1 d5 31. c4 dxc4 $1 (31... Rfd8 $11) 32. Rxe4 Rfc8 {with some hopes for Black, although it's still a draw.}) 30... d5 31. bxa4 Rfc8 32. Bb3 Ra5 33. Rd1 Rxc3 (33... Bxc3 $2 34. Rxd5 $16) 34. Rxc3 Bxc3 35. Bxd5 e3 36. Bxf7 Rxf5 (36... e2 37. Bg6+ Kg7 38. Rd7+ Kf8 39. Rd8+ Kg7 40. Rd7+ Kg8 41. Rd8+ $11) 37. Rd7 Kh8 38. Bc4 Rxf4 39. Bd3 Rf2 40. Re7 Rxa2 41. Rxe3 Rxa4 1/2-1/2

[Event "EU-Cup 19th"]
[Site "Rethymno"]
[Date "2003.10.02"]
[Round "5.1"]
[White "Carlsen, Magnus"]
[Black "Arduman, Can"]
[Result "1-0"]
[WhiteElo "2385"]
[BlackElo "2336"]
[PlyCount "93"]
[EventDate "2003.09.28"]
[EventType "team-swiss"]
[EventRounds "7"]
[EventCountry "GRE"]
[SourceTitle "CBM 098"]
[Source "ChessBase"]
[SourceDate "2004.02.03"]
[SourceVersion "1"]
[SourceVersionDate "2004.02.03"]
[SourceQuality "1"]
[WhiteTeam "Asker"]
[BlackTeam "Ankara Kolejiler"]
[WhiteTeamCountry "NOR"]
[BlackTeamCountry "TUR"]

1. e4 e5 2. Nf3 Nc6 3. Bb5 Nf6 4. Qe2 Be7 5. O-O d6 ({RR} 5... O-O 6. c3 Bc5 7. Rd1 Qe7 8. d4 exd4 9. cxd4 Bb6 10. Nc3 a6 11. Ba4 d6 12. h3 h6 13. Bf4 Ba7 14. Rac1 b5 15. Bc2 Bb7 16. a3 Rfe8 17. Qd3 Qf8 18. Nd5 Nxe4 19. Nxc7 f5 20. Bb3+ {Ocampos,I (2195)-Padmini,R (2354) chess.com INT 2025 1-0 (41)}) 6. d4 Bd7 ({RR} 6... exd4 7. Nxd4 Bd7 8. Bxc6 bxc6 9. Rd1 O-O 10. e5 Nd5 11. c4 dxe5 12. Nf3 Nf4 13. Qxe5 Ng6 14. Qa5 Qc8 15. Bg5 Bd6 16. Nbd2 Re8 17. Re1 Qb7 18. c5 Bf8 19. Qc3 Be6 20. Nd4 Bd5 21. b3 {Tiviakov,S (2639)-L'Ami,E (2628) Amsterdam 2015 ½-½ (45)}) ({RR} 6... exd4 7. Nxd4 Bd7 8. Bxc6 bxc6 9. Rd1 O-O 10. e5 dxe5 11. Nxc6 Qe8 12. Nxe7+ Qxe7 13. Bg5 Bc6 14. Qc4 Qe6 15. Qxe6 fxe6 16. Nd2 Rab8 17. b3 Nd5 18. Nc4 Rf5 19. Be3 Nf4 20. Bxf4 exf4 21. Re1 {Carlsen,M (2450)-Isonzo,D (2349) Taormina 2003 1-0 (63)}) 7. Bxc6 $146 ({RR} 7. dxe5 Nxe5 8. Nxe5 dxe5 9. Bxd7+ Qxd7 10. Rd1 Qc6 11. Bg5 O-O 12. Nc3 Rfe8 13. Bxf6 Bxf6 14. Nd5 Bd8 15. Rd3 Qe6 16. Rb3 c6 17. Ne3 Rb8 18. a4 Bg5 19. Rd1 g6 20. g3 h5 21. h4 Bd8 {Larino Nieto,D (2463)-Martinez Duany,L (2450) Oeiras 2015 1-0 (65)}) ({RR} 7. d5 Nb8 8. Bd3 Bg4 9. Be3 O-O 10. Rd1 Re8 11. Nbd2 Nbd7 12. Nf1 Nf8 13. Ng3 Ng6 14. Rdc1 Nf4 15. Qd1 N6h5 16. h3 Bxf3 17. Qxf3 Nxd3 18. cxd3 Nxg3 19. Qxg3 Rc8 20. a4 a5 21. Bd2 c5 {Kong,V-Abbou,M Skopje 1972 1-0 (44)}) 7... Bxc6 8. Nc3 exd4 9. Nxd4 Bd7 10. f4 O-O 11. Kh1 Re8 12. e5 dxe5 13. fxe5 Bd6 14. Bf4 Bg4 15. Qb5 Bd7 16. Qxb7 Bxe5 17. Bxe5 Rxe5 18. Rad1 Qc8 19. Qf3 c5 20. Nb3 Bc6 21. Qg3 Qg4 22. Qxg4 Nxg4 23. Na5 Be8 24. Nc4 Re6 25. h3 Nf6 26. Rf5 Rc8 27. Nd6 Rc6 28. Nb7 g6 29. Rxc5 Rb6 30. Nd8 Red6 31. Rxd6 Rxd6 32. Rc8 Rd2 33. Nc6 Rxc2 34. Nxa7 Rxb2 35. Ne4 Kg7 36. Nxf6 Ba4 37. Ne8+ Kh6 38. Nd6 f5 39. a3 Rb3 40. Nf7+ Kh5 41. Rh8 g5 42. Ne5 g4 43. Rxh7+ Kg5 44. hxg4 fxg4 45. Rg7+ Kf6 46. Rxg4 Rxa3 47. Nac6 1-0

[Event "Wch U14"]
[Site "Chalkidiki"]
[Date "2003.10.26"]
[Round "4"]
[White "Carlsen, Magnus"]
[Black "Coleman, Teddy"]
[Result "1-0"]
[WhiteElo "2450"]
[BlackElo "2275"]
[PlyCount "67"]
[EventDate "2003.10.23"]
[EventType "swiss"]
[EventRounds "11"]
[EventCountry "GRE"]
[SourceTitle "EXT 2004"]
[Source "ChessBase"]
[SourceDate "2003.11.25"]
[SourceVersion "1"]
[SourceVersionDate "2003.11.25"]
[SourceQuality "1"]

1. e4 c5 2. Nf3 d6 3. d4 cxd4 4. Nxd4 Nf6 5. Nc3 g6 6. Be3 Bg7 7. f3 Nc6 8. Qd2 Bd7 9. O-O-O O-O 10. g4 Rc8 11. h4 Ne5 12. Be2 Qa5 13. Kb1 Rxc3 14. Qxc3 Qxc3 15. bxc3 Rc8 16. Kb2 Nc4+ $146 ({RR} 16... Be8 17. Nb3 b6 18. Bd4 Nc6 19. Be3 h5 20. g5 Nd7 21. f4 Nc5 22. Bf3 Na4+ 23. Kc1 Nxc3 24. Rd2 Nb4 25. Bd4 Bxd4 26. Nxd4 Ncxa2+ 27. Kb2 a5 28. e5 dxe5 29. fxe5 Nc3 30. Ne2 Na4+ 31. Kb1 {Ibarra Jerez,J (2563)-Djokic,M (2221) chess.com INT 2023 0-1 (74)}) ({RR} 16... Be8 17. Nb3 b6 18. Bd4 Nc6 19. Be3 h5 20. g5 Nd7 21. f4 Nc5 22. Bf3 Na4+ 23. Kc1 Nxc3 24. Rd2 Nb4 25. Bd4 Bxd4 26. Nxd4 Ncxa2+ 27. Kb2 a5 28. e5 dxe5 29. fxe5 Nc3 30. Ne2 Na4+ 31. Kb1 {Ibarra Jerez,J (2563)-Djokic,M (2221) chess.com INT 2023 0-1 (74)}) 17. Bxc4 Rxc4 18. h5 a6 19. hxg6 fxg6 20. Rh4 b5 21. Rd3 a5 22. Nb3 a4 23. Nd2 Rc8 24. Bd4 Be6 25. e5 Nd5 26. exd6 exd6 27. Bxg7 Kxg7 28. a3 Rc6 29. g5 Nb6 30. Rhd4 d5 31. Rb4 Nc4+ 32. Nxc4 dxc4 33. Re3 Rb6 34. Re5 1-0